Ethnic Groups in Canada - Statistics

General Stats
  • This quiz has been taken 295 times
  • The average score is 76 of 241
Answer Stats
Population Answer % Correct
5.1 million French
95%
6.6 million English
94%
5 million Irish
88%
368,300 Spanish
86%
3.3 million German
85%
1.8 million Han Chinese
85%
550,500 Russian
84%
121,400 Japanese
83%
1.6 million Italian
82%
1 million Pole
79%
341,800 Swede
79%
4.7 million Scot
78%
253,000 Greek
76%
231,500 Korean
76%
1 million Dutch
75%
316,800 Finn
75%
429,800 Portuguese
75%
64,000 Turk
75%
203,000 Dane
74%
452,700 Norwegian
74%
240,000 Vietnamese
74%
750,900 Arab
73%
1.4 million Ukrainian
73%
5,300 Romani
72%
515,000 Tagalog
71%
134,000 Croat
70%
128,000 Mexican
70%
80,300 Serb
70%
104,600 Czech
67%
72,300 Slovak
67%
19,000 Thai
67%
16,900 Malay
66%
474,800 Welsh
66%
200,000 Persian
65%
30,700 Latvian
64%
39,300 Brazilian
63%
24,000 Estonian
63%
315,500 Hungarian
63%
59,300 Lithuanian
63%
63,800 Armenian
61%
545,700 Punjabi
61%
26,800 Bosniak
60%
70,000 Bulgarian
60%
240,000 Ashkenazi
59%
3,500 Mizrahi
59%
30,000 Sephardi
59%
36,200 Albanian
58%
810 Hmong
58%
94,200 Icelander
58%
20,700 Argentine
57%
198,000 Austrian
57%
3,200 Georgian
57%
400,000 Romanian
57%
150,600 Colombian
56%
29,000 Cuban
56%
27,800 Innu
56%
38,500 Khmer
56%
22,000 Lao
56%
6,400 Azeri
55%
9,600 Kazakh
55%
69,400 Bengali
54%
165,100 Haitian
54%
309,500 Jamaican
54%
37,200 Slovene
54%
189,800 Tamil
54%
3,900 Uzbek
54%
9,300 Bamar
53%
45,200 Chilean
53%
15,600 Belarusian
52%
17,100 Nepali
51%
42,100 Peruvian
51%
26,300 Venezuelan
51%
23,100 Dominican
50%
37,000 Macedonian
50%
2,900 Tajik
50%
1,000 Turkmen
50%
62,600 Somali
49%
79,100 Inuit
47%
1,100 Kyrgyz
47%
5,000 Bolivian
46%
26,300 Guatemalan
46%
945 Zulu
45%
5,500 Costa Rican
44%
11,700 Kurd
44%
7,500 Mongol
43%
37,100 Berber
42%
1,300 Catalan
41%
118,000 Gujarati
41%
5,300 Igbo
41%
4,300 Paraguayan
41%
6,800 Uruguayan
40%
25,400 Ecuadorian
39%
38,800 Maltese
38%
14,900 Moldovan
38%
8,000 Tibetan
38%
390,000 Cree
36%
13,800 Flemish
36%
10,600 Honduran
36%
7,000 Basque
35%
3,000 Montenegrin
35%
9,600 Yoruba
35%
79,000 Trinidadian
34%
64,000 Salvadoran
33%
7,300 Sinhalese
33%
4,800 Tatar
32%
1,600 Uyghur
32%
84,300 Guyanese
31%
90,000 Muhajir
31%
15,700 Telugu
31%
1,300 Maori
30%
8,300 Marathi
29%
1,500 Samoan
29%
19,400 Fijian
28%
4,700 Panamanian
28%
3,300 Hawaiian
27%
26,000 Pashtun
27%
6,900 Sicilian
27%
11,900 Sindhi
27%
11,800 Breton
26%
2,000 Galician
26%
4,000 Kannada
26%
13,800 Assyrian
25%
3,700 Bahamian
25%
37,800 Bajan
25%
3,500 Copt
25%
3,400 Oromo
24%
1,800 Belizean
22%
20,000 Cornish
22%
1,200 Dakota
21%
23,700 Mohawk
21%
1,500 Amhara
20%
3,100 Kashmiri
20%
4,500 Malagasy
20%
28,000 Malayali
20%
587,500 Métis
20%
4,000 Oneida
20%
1,000 Seneca
20%
3,900 Luxembourger
19%
6,500 Fula
18%
3,400 Puerto Rican
18%
1,900 Afrikaner
17%
940 Bavarian
17%
6,100 Manx
17%
6,300 Mayan
17%
164,000 Ojibwe
17%
835 Wolof
17%
4,500 Antiguan
15%
1,700 Corsican
15%
4,600 Frisian
15%
9,600 Hutu
15%
20,000 Kongo
15%
1,100 Odia
15%
600,000 Scotch-Irish
15%
9,000 St. Lucian
15%
3,500 Akan
14%
195,600 Québécois
14%
19,900 Cebuano
13%
17,900 Grenadian
13%
10,200 Tigrayan
13%
119,700 Acadian
12%
4,600 Haida
12%
168,500 Mi'kmaq
12%
4,400 Shona
12%
17,400 Vincentian
12%
16,900 Algonquin
11%
4,000 Bantu
11%
900 Dinka
10%
5,000 Karen
10%
20,000 Ilocano
9%
1,500 Hazara
8%
4,600 Huron
8%
4,400 Kikuyu
8%
2,900 Kittian
8%
845 Ewe
7%
9,300 Mauritian
7%
3,100 Bermudan
6%
4,000 Cape Verdean
6%
11,000 Tigre
6%
2,300 Ganda
5%
1,000 Mossi
5%
1,300 Seychellois
5%
18,000 Amish
4%
700 Bambara
4%
900 Guaraní
4%
1,000 Naskapi
4%
1,900 Tłı̨chǫ
4%
8,000 Abenaki
3%
2,800 Alsatian
3%
8,000 Atikamek
3%
800 Bemba
3%
1,900 Edo
3%
1,300 Fon
3%
6,100 Goan
3%
1,100 Guadeloupean
3%
6,900 Ilonggo
3%
2,900 Nakota
3%
22,200 Newfoundlander
3%
3,900 Squamish
3%
1,400 Arawak
2%
30,900 Chipewyan
2%
660 Harari
2%
24,700 Indo-Fijian
2%
4,100 Kapampangan
2%
5,500 Kwakiutl
2%
2,300 Lenape
2%
1,100 Malinké
2%
2,000 Martinican
2%
125,000 Mennonite
2%
935 Montserratan
2%
66,000 Ottawa
2%
1,400 Pangasinan
2%
3,700 Carrier
1%
31,400 Chaldean
1%
1,200 Kpelle
1%
940 Kutenai
1%
12,000 Macanese
1%
1,500 Mandaean
1%
1,100 Mende
1%
8,000 Nuu-chah-nulth
1%
7,400 Parsi
1%
4,000 Potawatomi
1%
1,700 Tsattine
1%
5,900 Tsimshian
1%
2,000 Tsuut'ina
1%
2,500 Tutchone
1%
3,500 Babine
0%
1,900 Comox
0%
5,700 Gitxsan
0%
1,500 Haisla
0%
1,900 Heiltsuk
0%
37,000 Hutterite
0%
1,400 Kaska
0%
6,200 Nlaka'pamux
0%
1,200 Sechelt
0%
1,400 Sekani
0%
6,500 Shuswap
0%
6,300 St'at'imc
0%
1,800 Sukuma
0%
600 Tagish
0%
2,500 Tahltan
0%
4,100 Tsilhqot'in
0%
No matching quizzes found
Score Distribution
Percent of People with Each Score
Percentile by Number Answered
Your Score History
You have not taken this quiz